<?xml version="1.0" encoding="UTF-8"?>
<record
    xmlns:xsi="http://www.w3.org/2001/XMLSchema-instance"
    xsi:schemaLocation="http://www.loc.gov/MARC21/slim http://www.loc.gov/standards/marcxml/schema/MARC21slim.xsd"
    xmlns="http://www.loc.gov/MARC21/slim">

  <leader>02911cam a2200253   4500500</leader>
  <controlfield tag="005">20260322004544.0</controlfield>
  <datafield tag="041" ind1=" " ind2=" ">
    <subfield code="a">fre</subfield>
  </datafield>
  <datafield tag="042" ind1=" " ind2=" ">
    <subfield code="a">dc</subfield>
  </datafield>
  <datafield tag="100" ind1="1" ind2="0">
    <subfield code="a">Mendez, Ariel</subfield>
    <subfield code="e">author</subfield>
  </datafield>
  <datafield tag="700" ind1="1" ind2="0">
    <subfield code="a">Pascal, Amandine</subfield>
    <subfield code="e">author</subfield>
  </datafield>
  <datafield tag="245" ind1="0" ind2="0">
    <subfield code="a">The Role of Collective Bricolage in Creating University Governance Structures: The Example of the Galileo Observatory</subfield>
  </datafield>
  <datafield tag="260" ind1=" " ind2=" ">
    <subfield code="c">2050.
							</subfield>
  </datafield>
  <datafield tag="500" ind1=" " ind2=" ">
    <subfield code="a">16</subfield>
  </datafield>
  <datafield tag="520" ind1=" " ind2=" ">
    <subfield code="a">This study investigates the concept of &#x201C;collective bricolage&#x201D; within the framework of creating a universe science observatory in France. In the face of significant transformations in higher education and research, this article examines how university stakeholders can employ collective bricolage to adapt to institutional mandates for restructuring. Drawing on L&#xE9;vi-Strauss&#x2019;s notion of bricolage and the theoretical contributions of Duymedjian and R&#xFC;ling (2010), this research investigates how this bricolage can be implemented in the absence of conventional or normative space to support the process, and particularly within a context characterized by conflictual relationships. The case study analyzes the collective bricolage process and its components, demonstrating that the dialectical nature of collective bricolage facilitates the creation of robust governance structures through the negotiation and recombination of resources and rationales from the diverse actors involved.</subfield>
  </datafield>
  <datafield tag="520" ind1=" " ind2=" ">
    <subfield code="a">Cet article examine le concept de &#xAB; bricolage collectif &#xBB; dans le contexte de la cr&#xE9;ation d&#x2019;un Observatoire des Sciences de l&#x2019;Univers en France. En r&#xE9;ponse aux transformations majeures de l&#x2019;enseignement sup&#xE9;rieur et de la recherche, il explore comment les acteurs universitaires peuvent utiliser le bricolage collectif pour s&#x2019;adapter aux injonctions institutionnelles de restructuration. S&#x2019;appuyant sur la notion de bricolage de L&#xE9;vi-Strauss et les travaux de Duymedjian et R&#xFC;ling (2010), cette recherche s&#x2019;interroge sur la mani&#xE8;re dont ce bricolage peut &#xEA;tre mis en &#x153;uvre en l&#x2019;absence d&#x2019;un m&#xEA;me espace conventionnel ou normatif pour soutenir le processus et dans le cadre de relations conflictuelles. L&#x2019;&#xE9;tude de cas men&#xE9;e analyse ainsi le processus de bricolage collectif mis en &#x153;uvre et les &#xE9;l&#xE9;ments constitutifs de ce bricolage. Elle montre que le bricolage collectif ici nomm&#xE9; dialectique permet de cr&#xE9;er des structures de gouvernance robustes &#xE0; travers la n&#xE9;gociation et la recombinaison des ressources et logiques des diff&#xE9;rents acteurs impliqu&#xE9;s.</subfield>
  </datafield>
  <datafield tag="690" ind1=" " ind2=" ">
    <subfield code="a">Bricolage collectif</subfield>
  </datafield>
  <datafield tag="690" ind1=" " ind2=" ">
    <subfield code="a">Gouvernance</subfield>
  </datafield>
  <datafield tag="690" ind1=" " ind2=" ">
    <subfield code="a">Universit&#xE9;</subfield>
  </datafield>
  <datafield tag="690" ind1=" " ind2=" ">
    <subfield code="a">Collective bricolage</subfield>
  </datafield>
  <datafield tag="690" ind1=" " ind2=" ">
    <subfield code="a">Governance</subfield>
  </datafield>
  <datafield tag="690" ind1=" " ind2=" ">
    <subfield code="a">University</subfield>
  </datafield>
  <datafield tag="786" ind1="0" ind2=" ">
    <subfield code="n">Gestion et management public | Early release | 5 | 2050-01-04 | p. 1o-19 | 2116-8865</subfield>
  </datafield>
  <datafield tag="856" ind1="4" ind2="1">
    <subfield code="u">https://shs.cairn.info/journal-gestion-et-management-public-2024-5-page-1o?lang=en&amp;redirect-ssocas=7080</subfield>
  </datafield>
  <datafield tag="999" ind1=" " ind2=" ">
    <subfield code="c">1741291</subfield>
    <subfield code="d">1741291</subfield>
  </datafield>
</record>
